Призраки Маркса: между будущим и грядущим (к 200-летию со дня рождения Карла Маркса) (Запись № 12017796)

Подробности
000 -МАРКЕР
контрольное поле 02543nam0a2200373 4500
001 - ИДЕНТИФИКАТОР ЗАПИСИ
контрольное поле RU\NLR\BIBL_A\012125657
005 - ИДЕНТИФИКАТОР ВЕРСИИ
контрольное поле 20200114112246.0
010 ## - МЕЖДУНАРОДНЫЙ СТАНДАРТНЫЙ НОМЕР КНИГИ (ISBN)
Номер (ISBN) 978-5-00130-192-9
Тираж 500
021 ## - НОМЕР ГОСУДАРСТВЕННОЙ РЕГИСТРАЦИИ
Код страны Российская Федерация
Номер КН-П-19-072860
Номер Листа государственной регистраци КН-П-19-5256
035 ## - ДРУГИЕ СИСТЕМНЫЕ НОМЕРА
Идентификатор записи (NLR Aleph) 012125657
035 ## - ДРУГИЕ СИСТЕМНЫЕ НОМЕРА
Идентификатор записи (RuMoRGB)010104953
100 ## - ДАННЫЕ ОБЩЕЙ ОБРАБОТКИ
Данные общей обработки 20191022d2019 k y0rusy50 ca
101 0# - ЯЗЫК РЕСУРСА
Язык текста, звукозаписи и т.д. русский
Язык резюме английский
102 ## - СТРАНА ПУБЛИКАЦИИ ИЛИ ПРОИЗВОДСТВА
Страна публикации Российская Федерация
105 ## - ПОЛЕ КОДИРОВАННЫХ ДАННЫХ: ТЕКСТОВЫЕ МАТЕРИАЛЫ, МОНОГРАФИЧЕСКИЕ
Кодированные данные о монографическом текстовом документе ||||zzzz1|||y
200 1# - ЗАГЛАВИЕ И СВЕДЕНИЯ ОБ ОТВЕТСТВЕННОСТИ
Основное заглавие Призраки Маркса: между будущим и грядущим (к 200-летию со дня рождения Карла Маркса)
Параллельное заглавие Spectres of Marx: Between far and near future (dedicated to 200th anniversary of Marx)
Сведения, относящиеся к заглавию материалы Международной научно-образовательной конференции VI Садыковские чтения, Казань, 16-17 ноября 2018 г.
Первые сведения об ответственности Казанский федеральный университет, Институт социально-философских наук и массовых коммуникаций, Академия наук Республики Татарстан
210 ## - ПУБЛИКАЦИЯ, РАСПРОСТРАНЕНИЕ И ДР.
Место издания, распространения и т.д. Казань
Имя издателя, распространителя и т. д. Изд-во Казанского университета
Дата издания, распространения и т.д. 2019
215 ## - ФИЗИЧЕСКАЯ ХАРАКТЕРИСТИКА
Специфическое обозначение материала и объем 206 с.
Размеры 21
300 ## - ОБЩИЕ ПРИМЕЧАНИЯ
Текст примечания Рез. англ.
320 ## - ПРИМЕЧАНИЯ О НАЛИЧИИ В ДОКУМЕНТЕ БИБЛИОГРАФИИ / УКАЗАТЕЛЯ
Текст примечания Библиогр. в конце ст.
510 1# - ПАРАЛЛЕЛЬНОЕ ЗАГЛАВИЕ
Параллельное заглавие Spectres of Marx: Between far and near future (dedicated to 200th anniversary of Marx)
Язык заглавия английский
606 1# - НАИМЕНОВАНИЕ ТЕМЫ КАК ПРЕДМЕТ
Наименование темы Марксизм и социальная философия
Формальный подзаголовок Съезды, совещания и т.п
Системный номер авторитетной/нормативной записи 2114165
Идентификатор авторитетной/нормативной записи RU\NLR\AUTH\661580893
686 1# - ИНДЕКСЫ ДРУГИХ КЛАССИФИКАЦИЙ
Индекс А550.1я431
686 1# - ИНДЕКСЫ ДРУГИХ КЛАССИФИКАЦИЙ
Индекс А556.25я431
702 #1 - ИМЯ ЛИЦА - ВТОРИЧНАЯ ОТВЕТСТВЕННОСТЬ
Код отношения Прочие
Графика поля Кириллица
Материалы, к которым относится поле rus
Начальный элемент ввода Маркс
Часть имени, кроме начального элемента ввода К.
Даты 1818-1883
Расширение инициалов личного имени Карл
Системный номер авторитетной/нормативной записи 123526
Идентификатор авторитетной/нормативной записи RU\NLR\AUTH\7713844
711 12 - НАИМЕНОВАНИЕ ОРГАНИЗАЦИИ - АЛЬТЕРНАТИВНАЯ ОТВЕТСТВЕННОСТЬ
Начальный элемент ввода "Садыковские чтения", международная научно-образовательная конференция
Порядковый номер временной организации и / или порядковый номер ее части 6
Место проведения временной организации Казань
Дата проведения временной организации 2018
Системный номер авторитетной/нормативной записи 685075
Идентификатор авторитетной/нормативной записи RU\NLR\AUTH\880512269
712 02 - НАИМЕНОВАНИЕ ОРГАНИЗАЦИИ - ВТОРИЧНАЯ ОТВЕТСТВЕННОСТЬ
Код отношения Организатор конференции
Начальный элемент ввода Казанский (Приволжский) федеральный университет
Структурное подразделение Институт социально-философских наук и массовых коммуникаций
Системный номер авторитетной/нормативной записи 511465
Идентификатор авторитетной/нормативной записи RU\NLR\AUTH\880423360
942 ## - ДОПОЛНИТЕЛЬНЫЕ ЭЛЕМЕНТЫ ЗАПИСИ (АБИС)
Тип экземпляра АБИС Книга
980 ## - КОЛЛЕКЦИЯ
Название коллекции НБР
980 ## - КОЛЛЕКЦИЯ
Название коллекции Национальная библиография

Нет доступных экземпляров.